Chinese Cities but not in Chinese - Statistics

General Stats
  • This quiz has been taken 26 times
  • The average score is 10 of 40
Answer Stats
Foreign Name Explanation Chinese % Correct
Oversea 上 (shang - up) 海 (hai - sea) Shanghai
92%
Port Fragrance 香 (heung - fragrant) 港 (gong - port) Hong Kong
65%
Longsand 长 (chang - long) 沙 (sha - sand) Changsha
54%
Skyford 天 (tian - sky) 津 (jin - ford) Tianjin
50%
Pearlsea 珠 (zhu - pearl) 海 (hai - sea) Zhuhai
42%
Lucky Forest 吉 (ji - lucky) 林 (lin - forest) Jilin
38%
Sierra Tang 唐 (tang - from Tang dynasty) 山 (shan - mountain) Tangshan
38%
Saddle Hill (马 (ma - horse)) 鞍 (an - saddle) 山 (shan - mountain) Anshan / Ma'anshan
35%
Longspring 长 (chang - long) 春 (chun - spring) Changchun
35%
Orchidstan 兰 (lan - orchid) 州 (zhou - city/land) Lanzhou
35%
Middlehill 中 (zhong - middle) 山 (shan - mountain) Zhongshan
35%
Buddha Peak 佛 (fo - Buddha) 山 (shan - mountain) Foshan
31%
Gusustan 苏 (su - formerly Gusu) 州 (zhou - city/land) Suzhou
31%
Salt City 盐 (yan - salt) 城 (cheng - city) Yancheng
31%
Silvercreek 银 (yin - silver) 川 (chuan - river) Yinchuan
31%
Marimouth 海 (hai - sea) 口 (kou - mouth) Haikou
27%
Yellowstone 黄 (huang - yellow) 石 (shi - stone) Huangshi
27%
Southsun 南 (nan - south) 阳 (yang - sun) Nanyang
27%
Mont Blanc 白 (bai - white) 山 (shan - mountain) Baishan
23%
Riverpond 河 (he - river) 池 (chi - pond) Hechi
19%
Winespring 酒 (jiu - alcohol) 泉 (quan - spring) Jiuquan
19%
Beauwater 丽 (li - beautiful) 水 (shui - water) Lishui
19%
Newville 新 (xin - new) 乡 (xiang - village) Xinxiang
19%
Musselport 蚌 (bang - mussel) 埠 (bu - port) Bengbu
15%
Calabash Island 葫芦 (hulu - calabash) 岛 (dao - island) Huludao
15%
Mount Duoduck 双 (shuang - double) 鸭 (ya - duck) 山 (shan - mountain) Shuangyashan
15%
Caelaqua 天 (tian - sky) 水 (shui - water) Tianshui
15%
Peak Rouge 赤 (chi - red) 峰 (feng - peak) Chifeng
12%
Eastcaster 东 (dong - east) 营 (ying - camp) Dongying
12%
Solar Spring 阳 (yang - sun) 泉 (quan - spring) Yangquan
12%
Jadestream 玉 (yu - jade) 溪 (xi - stream) Yuxi
12%
Hectochrome 百 (bai - hundred) 色 (se - colors) Baise
8%
Nonariver 九 (jiu - nine) 江 (jiang - river) Jiujiang
8%
Fowlwest 鸡 (ji - chicken) 西 (xi - west) Jixi
8%
Dracorock 龙 (long - dragon) 岩 (yan - boulder) Longyan
8%
Coppercore 铜 (tong - copper) 仁 (ren - kernel) Tongren
8%
Eaglepool 鹰 (ying - eagle) 潭 (tan - pool) Yingtan
8%
Montbateaux 舟 (zhou - boat) 山 (shan - mountain) Zhoushan
8%
Dateville 枣 (zao - dates) 庄 (zhuang - village) Zaozhuang
4%
Stallion Station 驻 (zhu - station) 马 (ma - horse) 店 (dian - store) Zhumadian
4%
No matching quizzes found
Score Distribution
Percent of People with Each Score
Percentile by Number Answered
Your Score History
You have not taken this quiz